| 000 -ლიდერი |
| ფიქსირებული სიგრძის საკონტროლო ველი |
00915nam a2200241Ia 4500 |
| 001 - საკონტროლო ნომერი |
| საკონტროლო ველი |
7094 |
| 003 - საკონტროლო ნომრის იდენტიფიკატორი |
| საკონტროლო ველი |
GE_BSU |
| 005 - ბოლო ოპერაციის თარიღი და დრო |
| საკონტროლო ველი |
20231106164302.0 |
| 008 - ფიქსირებული სიგრძის მონაცემთა ელემენტები - ზოგადი ინფორმაცია |
| ფიქსირებული სიგრძის საკონტროლო ველი |
181216s2008||||ge |||||||||||||| ||geo|| |
| 020 ## - წიგნის საერთაშორისო სტანდარტული ნომერი |
| International Standard Book Number |
9789941009969 (ტ.2) |
| 040 ## - კატალოგიზაციის წყარო |
| Transcribing agency |
GE_BSU |
| 041 ## - ენის კოდი |
| Language code of text/sound track or separate title |
geo |
| 080 ## - უნივერსალური ათობითი კლასიფიკაციის ინდექსი |
| Universal Decimal Classification number |
821.111(493)-2 მ-59 |
| 100 ## - მთავარი ჩანაწერი - პიროვნების სახელი |
| Personal name |
მეტერლინკ, მორის |
| 9 (RLIN) |
20290 |
| 245 ## - ცნობა სათაურის შესახებ |
| Title |
პიესები : |
| Remainder of title |
სრული კრებული წ. 2 / |
| Statement of responsibility, etc |
მორი მეტერლინკ ; ფრანგ. თარგმნა დათო აკრიანმა. |
| 264 ## - წარმოების, გამოცემის, დისტრიბუციის და სხვა ცნობები |
| გამოცემის, წარმოების, დისტრიბუციის... ადგილი |
თბილისი : |
| გამოცემის, წარმოების, დისტრიბუციის... სახელწოდება |
[?], |
| გამოცემის, წარმოების, დისტრიბუციის... თარიღი |
2008. |
| 300 ## - ფიზიკური აღწერა |
| Extent |
497გვ. ; |
| Dimensions |
20 სმ. |
| 653 ## - INDEX TERM--UNCONTROLLED |
| Uncontrolled term |
პიესები |
| 653 ## - INDEX TERM--UNCONTROLLED |
| Uncontrolled term |
მხატვრული ლიტერატურა |
| 700 ## - ADDED ENTRY--PERSONAL NAME |
| Personal name |
აკრიანი, დათო |
| Relator term |
მთარგმნელი |
| 9 (RLIN) |
19781 |
| 942 ## - ADDED ENTRY ELEMENTS (KOHA) |
| Koha item type |
წიგნი |
| Source of classification or shelving scheme |
|